Radioisotopes in scientific research. V 4. Research with radioisotopes in plant biology and some general problems. (Record no. 21024)

MARC details
000 -LEADER
fixed length control field 00498nam a2200157Ia 4500
082 ## - DEWEY DECIMAL CLASSIFICATION NUMBER
Classification number 57.088.6
Item number EXT.4
100 ## - MAIN ENTRY--AUTHOR NAME
Personal name EXTERMAN, R C
245 #0 - TITLE STATEMENT
Title Radioisotopes in scientific research. V 4. Research with radioisotopes in plant biology and some general problems.
260 ## - PUBLICATION, DISTRIBUTION, ETC. (IMPRINT)
Place of publication London
Name of publisher Pergamon
Year of publication 1958
650 ## - SUBJECT ADDED ENTRY--TOPICAL TERM
Topical Term Alkaloid biosynthesis
650 ## - SUBJECT ADDED ENTRY--TOPICAL TERM
Topical Term Plant biosynthesis
650 ## - SUBJECT ADDED ENTRY--TOPICAL TERM
Topical Term Radioisotopes
650 ## - SUBJECT ADDED ENTRY--TOPICAL TERM
Topical Term Rubber biosynthesis
942 ## - ADDED ENTRY ELEMENTS (KOHA)
Koha item type Books
Holdings
Withdrawn status Lost status Damaged status Not for loan Home library Current library Date acquired Full call number Accession Number Koha item type
        RRII Library RRII Library 16/12/2021 57.088.6 EXT.4 01746 Books